Southville International School and Colleges
Your cart is empty.
  • Cart
  • Lists
    Public lists Eva Luna New books Lux_list list_1
    Your lists Log in to create your own lists
  • Log in to your account
  • Your cookies
  • Search history
Southville International School and Colleges
  • Advanced search
  • Recent comments
  • Most popular
  • Libraries

Log in to your account

Log in with GOOGLE


If you do not have an external account, but do have a local account, you can still log in:

  1. Home
  2. MARC view: The Hershey's kisses addition book /
Normal view MARC view ISBD view

The Hershey's kisses addition book / (Record no. 112907)

[ view plain ]
MARC details
000 -LEADER
fixed length control field 00514nam a2200169 a 4500
001 - CONTROL NUMBER
control field 3000
005 - DATE AND TIME OF LATEST TRANSACTION
control field 20140414131955.0
008 - FIXED-LENGTH DATA ELEMENTS--GENERAL INFORMATION
fixed length control field 060103s19uu xx 00 eng d
020 ## - INTERNATIONAL STANDARD BOOK NUMBER
International Standard Book Number 0-439-24173-1
050 ## - LIBRARY OF CONGRESS CALL NUMBER
Classification number TR 513.211
Item number P11 2001
100 ## - MAIN ENTRY--PERSONAL NAME
Personal name Pallota, Jerry
245 ## - TITLE STATEMENT
Title The Hershey's kisses addition book /
Statement of responsibility, etc by Jerry Pallotta ; illustrated by Rob Bolster.
260 ## - PUBLICATION, DISTRIBUTION, ETC. (IMPRINT)
Place of publication, distribution, etc New York :
Name of publisher, distributor, etc Scholastic,
Date of publication, distribution, etc 2001.
300 ## - PHYSICAL DESCRIPTION
Extent 1 v. p. ; cm.
650 ## - SUBJECT ADDED ENTRY--TOPICAL TERM
Topical term or geographic name as entry element Arithmetic
General subdivision Addition
-- Juvenile literature.
Holdings
Withdrawn status Lost status Damaged status Use restrictions Home library Current library Shelving location Date acquired Source of acquisition Cost, normal purchase price Total Checkouts Full call number Barcode Date last seen Price effective from Koha item type
        Munich Library Munich Library Teachers Reference Section 01/03/2006   150.00   TR 513.211 P11 2001 M4326 04/14/2014 04/14/2014 Books

The Hershey's kisses addition book /

APA

Pallota J., . (2001). The Hershey's kisses addition book. New York: Scholastic.

Chicago

Pallota Jerry, . 2001. The Hershey's kisses addition book. New York: Scholastic.

Harvard

Pallota J., . (2001). The Hershey's kisses addition book. New York: Scholastic.

MLA

Pallota Jerry, . The Hershey's kisses addition book. New York: Scholastic. 2001.

  • Place hold
  • Print
  • Cite
  • Add to your cart (remove)
  • Save record
    BIBTEX Dublin Core MARCXML MARC (non-Unicode/MARC-8) MARC (Unicode/UTF-8) MARC (Unicode/UTF-8, Standard) MODS (XML) RIS
  • More searches
    Search for this title in:
    Other Libraries (WorldCat) Other Databases (Google Scholar) Online Stores (Bookfinder.com) Open Library (openlibrary.org)

Exporting to Dublin Core...

SOUTHVILLE LIBRARY

Southville International School and Colleges Library

1281 Tropical Ave. Cor. Luxembourg St., BF Homes International, Las Pinas City

Tel. No. 8256374 / 252358 Loc. 117/146

Powered by Koha